The Purgatorio /

Uloženo v:
Podrobná bibliografie
Hlavní autor: Alighieri, Dante (autor)
Další autoři: MacAllister, Archibald T. (introducción) (introducción), Ciardi, John (traducción) (traducción)
Médium: Kniha
Jazyk:angličtina
Vydáno: Nueva York, EUA : Mentor Books, 1961, c1961
Tagy: Přidat tag
Žádné tagy, Buďte první, kdo vytvoří štítek k tomuto záznamu!

MARC

LEADER 00000nam^a2200000^a^4500
001 000625252
005 20260220000000.0
009 20260310134012.592
037 |a Acervo ITESO - Biblioteca 
041 |a ING 
091 |a FOB. 03358 
100 |a Alighieri, Dante  |e (autor) 
245 1 4 |a The Purgatorio / 
264 4 |a Nueva York, EUA :  |b Mentor Books,  |c 1961, c1961 
300 |a 350 p. 
336 |a texto  |b txt  |2 rdacontenido 
337 |a sin mediación  |b n  |2 rdamedio 
338 |a volumen  |b nc  |2 rdasoporte 
649 |a XX 
700 |a MacAllister, Archibald T.  |e (introducción) 
700 |a Ciardi, John  |e (traducción) 
910 |a Fondo Carlos de Obeso Orendain 
920 |a Impresos - Libros 
930 |a Fondos Especiales 
940 |a Literatura 
905 |a 147 
901 |a 625252-10  |b IT2  |c ESP  |i D  |u 20251204 
902 |a https://opac.biblio.iteso.mx/vufind/Record/000625252